Datum a čas kvízu
22.5
Celkem bodů
Celkový počet nahraných bodů na tomto kvízu bez doplňovacích otázek.
7.
Pořadí na kvízu
Konečné umístění týmu na tomto kvízu.
Zaznamenané odpovědi
| # | Otázka | Odpověď | Body | Výsledky |
|---|---|---|---|---|
| 1. | Grand Prix Architektů - Národn... | v Jihomoravském kraji | 0 | |
| 2. | V belgické obci Lendelede byla... | spodního prádla | 1 | |
| 3. | Na sociálních sítích se objevi... | Kim Čong-un | 0 | |
| 4. | Počátkem týdne jsme se dozvědě... | v Dánsku | 1 | |
| 5. | V pátek začala prvním zápasem... | Los Angeles Dodgers; Toronto Blue Jays | 0 | |
| 6. | Dnešní zeměpisné téma otevírám... | Golčův Jeníkov, Gmünd | 0 | |
| 7. | Které z následujících tvrzení... | B | 0 | |
| 8. | V další otázce bude vaším úkol... | 1C 2A 3D 4B | 1 | |
| 9. | Napište název státu obsahující... | Belgie | 1 | |
| 10. | V této koláži jsou spojené vla... | Gruzie, Guatemala | 1 |